| 000 | 00977nam a2200265Ia 4500 | ||
|---|---|---|---|
| 003 | OSt | ||
| 005 | 20221005111114.0 | ||
| 006 | a|||||r|||| 00| 0 | ||
| 007 | ta | ||
| 008 | 221004b |||||||| |||| 00| 0 hin d | ||
| 020 |
_a9789350727003 (hbk) _c990 |
||
| 024 | _a16867 | ||
| 037 |
_b521, 21/03/2015, Vani Prakashan _cTextual |
||
| 040 |
_aCRL _cCRL _bhin |
||
| 041 |
_2hin _ahin |
||
| 082 | _aO15296(Y15):g, Q4 | ||
| 100 | _aशर्मा, विजय | ||
| 245 | 0 |
_aअफ्ऱो - अमेरिकन साहित्य _b स्त्री स्वर |
|
| 246 | _aAfra़o - amerikan sāhitya: strī svara | ||
| 260 |
_aनई दिल्ली _bवाणी प्रकाशन भारत _c2014 |
||
| 300 |
_a352पृ0 _ccm. |
||
| 650 | _aहिन्दी साहित्य | ||
| 942 |
_hO15296(Y15):g, Q4 _cTEXL _2cc |
||
| 999 |
_c1020834 _d1020834 |
||